Anthropological study of livelihoods: the case of two Sugali settlements in Anantapur district of Andhra Pradesh (Record no. 10759)

MARC details
000 -LEADER
fixed length control field 00601nam a2200169Ia 4500
082 ## - DEWEY DECIMAL CLASSIFICATION NUMBER
Classification number TE.0017
100 ## - MAIN ENTRY--AUTHOR NAME
Personal name Eswarappa, Kasi
245 #0 - TITLE STATEMENT
Title Anthropological study of livelihoods: the case of two Sugali settlements in Anantapur district of Andhra Pradesh
260 ## - PUBLICATION, DISTRIBUTION, ETC. (IMPRINT)
Year of publication 2007
Name of publisher University of Hyderabad, Hyderabad
300 ## - PHYSICAL DESCRIPTION
Number of Pages 255
504 ## - BIBLIOGRAPHY, ETC. NOTE
Bibliography, etc includes bibliography
650 ## - SUBJECT ADDED ENTRY--TOPICAL TERM
Topical Term Anantapur District (India)
Form subdivision Tribes
650 ## - SUBJECT ADDED ENTRY--TOPICAL TERM
Topical Term Sugali, The
Form subdivision Tribes
Geographic subdivision Andhra Pradesh
-- Anantapur District
650 ## - SUBJECT ADDED ENTRY--TOPICAL TERM
Topical Term Tribes
Form subdivision Tribes
Geographic subdivision Andhra Pradesh
-- Anantapur District
710 ## - ADDED ENTRY--CORPORATE NAME
Corporate name or jurisdiction name as entry element Prasad, R. Siva
942 ## - ADDED ENTRY ELEMENTS (KOHA)
Koha item type Thesis
Source of classification or shelving scheme Dewey Decimal Classification
Holdings
Withdrawn status Lost status Damaged status Not for loan Home library Current library Date acquired Source of acquisition Bill Date Full call number Accession Number Price effective from Koha item type
        NASSDOC Library NASSDOC Library 20/01/2009 Gifted by : Fellowship Division, ICSSR 2008-12-30 TE.0017 44952 18/04/2019 Thesis